Regierungskonferenz 1996 Bericht der Kommission an die Reflexionsgruppe

Na minha lista:
Detalhes bibliográficos
Formato: Livro
Idioma:alemão
Publicado em: Luxemburg Amt für amtliche Veröffentlichungen der Europäischen Gemeinschaften 1995
Assuntos:
Tags: Adicionar Tag
Sem tags, seja o primeiro a adicionar uma tag!

MARC

LEADER 00000nam a2200000 4500
001 c018549
005 20221205133502.8
020 |a 92-827-4176-1 
041 0 |a ger 
044 |a LU 
245 1 0 |a Regierungskonferenz 1996  |b Bericht der Kommission an die Reflexionsgruppe 
264 1 |a Luxemburg  |b Amt für amtliche Veröffentlichungen der Europäischen Gemeinschaften  |c 1995 
300 |a 102 s. 
610 2 0 |a integrácia 
610 2 0 |a spolupráca hospodárska medzinárodná 
610 2 0 |a analýzy 
610 2 0 |a parlamenty 
610 2 0 |a politika zahraničná 
610 2 0 |a bezpečnosť európska 
610 2 0 |a politika obchodná 
610 2 0 |a únie menové 
610 2 0 |a Európska únia 
610 2 0 |a Európa